<A> vállalati magatartás változása és a gazsági válság.

Základné otázky ekonomiky v Maďarsku. Postavenie podnikov, výroba, zisk, hrubý spoločenský produkt a národný dôchodok v r. 1988-91 (podľa mesiacov). Cenové indexy v priemysle, poľnohospodárstve, miera inflácie. Vývoj exportu, inovačné tendencie výrobkov a organizačných štruktúr v priemysle. Investíc...

Full description

Saved in:
Bibliographic Details
Main Author: Laki, M.
Format: Book Chapter
Language:Hungarian
Subjects:
Tags: Add Tag
No Tags, Be the first to tag this record!

MARC

LEADER 00000naa a2200000 4500
001 r009635
005 20221125113806.9
041 0 |a hun 
044 |a HU 
245 1 0 |a <A> vállalati magatartás változása és a gazsági válság.  |c M. Laki 
520 |a Základné otázky ekonomiky v Maďarsku. Postavenie podnikov, výroba, zisk, hrubý spoločenský produkt a národný dôchodok v r. 1988-91 (podľa mesiacov). Cenové indexy v priemysle, poľnohospodárstve, miera inflácie. Vývoj exportu, inovačné tendencie výrobkov a organizačných štruktúr v priemysle. Investície. 
610 2 0 |a hospodárstvo národné 
610 2 0 |a MR 
610 2 0 |a údaje štatistické 
610 2 0 |a 1988-1991 
610 2 0 |a správanie 
610 2 0 |a podnik 
610 2 0 |a dôchodok národný 
610 2 0 |a indexy cenové 
610 2 0 |a výrobky nové 
610 2 0 |a vývoz 
610 2 0 |a štruktúra organizačná 
610 2 0 |a investície 
610 2 0 |a priemysel 
610 2 0 |a inflácia 
610 2 0 |a produkt spoločenský hrubý 
100 1 |a Laki, M.